| 000 | 00344nam a22001337a 4500 | ||
|---|---|---|---|
| 999 |
_c55001 _d55001 |
||
| 008 | 200204b ||||| |||| 00| 0 eng d | ||
| 041 | _aeng | ||
| 080 |
_2043.3 _a043.3 |
||
| 082 | _a043.3 | ||
| 100 | _a0 | ||
| 101 | _aBTH | ||
| 245 |
_aNdikimi i Online-Marketing në zhvillimin e Firmave të Vogla dhe të Mesme _cMorina,A |
||
| 942 |
_2udc _cBK |
||